[Event "Aeroflot Open"]
[Site "Moscow RUS"]
[Date "2006.02.12"]
[Round "5"]
[White "Naiditsch, Arkadij"]
[Black "Vachier Lagrave, Maxime"]
[Result "0-1"]
[WhiteElo "2657"]
[BlackElo "2542"]
[Annotator "Ubilava, E"]
[PlyCount "104"]
[EventDate "2006.02.08"]
[EventType "swiss"]
[Source "EDAMI"]
[SourceDate "2006.12.20"]

{Cuando seleccionamos las partidas de los jóvenes talentos, hay que tener en
cuenta que precisamente por ser jóvenes, aún no han jugado sus mejores
partidas, pero ya tienen el perfil de los futuros campeones con una fuerza y
conocimientos importantes. Aquí presento dos partidas de nuestro protagonista
jugadas en el año 2006.} 1. e4 c5 2. Nf3 d6 3. d4 Nf6 4. Nc3 cxd4 5. Nxd4 a6 6.
Bg5 e6 7. f4 Qc7 8. Qf3 b5 9. O-O-O {
Otra línea de doble filo aparece en la variante} (9. Bxf6 gxf6 10. e5 Bb7 11.
Qh5 dxe5 12. Nxe6 Qb6) 9... b4 10. Nce2 Nbd7 11. g4 Bb7 12. Bxf6 ({
Las últimas partidas que se han jugado con} 12. Ng3 {
no otorgan la ventaja a las blancas, por ejemplo} O-O-O 13. Bd3 Be7 14. Nh5 Nc5
15. Bxf6 gxf6 16. Rhe1 d5 17. e5 Ne4 {
con posibilidades para ambos bandos, L Ami E.-Jens J. Utreht OKU I op 2001})
12... Nxf6 13. Ng3 Rc8 14. Bd3 g6 15. h4 {en caso de} (15. f5 gxf5 16. gxf5 e5
17. Nb3 h5 18. Kb1 h4 19. Nf1 d5 20. Nfd2 dxe4 21. Nxe4 Nxe4 22. Bxe4 Qxc2+ $1
23. Bxc2 Bxf3 {las negras consiguen un posición ganadora, Van Riemsjdik H.
-Sunye Neto J. Guarapuava op 1992.}) 15... Bg7 16. h5 Nd7 ({
Quizá no sea lo más apropiado para las negras el golpe táctico} 16... Nxh5 {por
} 17. Nxe6 $1 Bxb2+ 18. Kxb2 Qc3+ 19. Kb1 Nxg3 20. Qxg3 fxe6 21. f5 {
y las blancas toman la iniciativa.}) 17. Nb3 Rg8 18. hxg6 hxg6 19. Qe2 Nb6 20.
Rhe1 Na4 21. e5 dxe5 22. fxe5 Bh6+ 23. Kb1 Bf4 24. Nf1 Rh8 {Aunque la posición
sigue siendo muy compleja, las negras consiguieron mejorar la colocación de
sus piezas y parecen tener mayor dinamismo.} 25. Nbd2 Bd5 {
Las negras mantienen la prudencia. Sería peligroso seguir} (25... Rh3 {por} 26.
Nc4 Bf3 27. Qf2 Bxe5 28. Nxe5 Bxd1 29. Bc4 Rd8 30. Qf6 {con la amenaza Nxg6})
26. Nb3 Kf8 27. Bxa6 Bf3 ({Si seguimos la brújula de Fritzi, nos muestra una
variante poco clara después de} 27... Nxb2 28. Kxb2 Qc3+ 29. Kb1 Bf3 30. Qd3
Bxd1 31. Qxc3 Rxc3 32. Rxd1 Bxe5) 28. Qf2 Bxd1 29. Bxc8 Qxc8 {diagrama} 30. Nd4
$5 Bxe5 31. Rxe5 Bxg4 32. Ng3 Rh3 33. Re1 $2 {
Las blancas no aguantan la presión y cometen un error grave. Había que seguir}
(33. Ra5 Nxb2 34. Ra7 Bf5 35. Qg2 Rxg3 36. Qxg3 Nc4 37. Rc7 Qa6 38. Qf4 {
con mejores posibilidades para las blancas.}) 33... Nxb2 $1 {
Este golpe prácticamente decide la partida} 34. Rf1 Qc7 35. Nb5 Nd1 $1 36. Rxd1
Qxg3 37. Rd8+ Kg7 38. Qd4+ e5 39. Qxb4 Rh1+ 40. Kb2 Qe1 ({También gana} 40...
Qg1 41. Qf8+ Kf6 42. Rd6+ Be6 43. Rxe6+ Kxe6 44. Nc7+ Kf6 45. Nd5+ Kg5) 41.
Qxe1 Rxe1 {
El final es técnico y las negras realizan su gran ventaja sin ningún problema.}
42. a4 e4 43. Re8 e3 44. Nd4 Bd7 45. Re4 Bxa4 46. Kc3 f5 47. Re7+ Kf6 48. Re6+
Kf7 49. Ra6 Be8 50. Nf3 Rf1 51. Ra7+ Kf6 52. Ra6+ Kg7 0-1

[Event "Banyoles Rapid"]
[Site "?"]
[Date "2006.??.??"]
[Round "5"]
[White "Moskalenko, Viktor"]
[Black "Almeida, Omar"]
[Result "0-1"]
[WhiteElo "2543"]
[BlackElo "2475"]
[Annotator "Moskalenko, V"]
[PlyCount "63"]
[EventDate "2006.??.??"]
[EventType "schev (rapid)"]
[Source "EDAMI"]
[SourceDate "2006.12.20"]

{Aquí os presento un ejemplo bastante habitual de mis derrotas durante este
circuito:} 1. d4 e6 2. c4 Nf6 3. Nc3 c5 4. d5 exd5 5. cxd5 Bd6 {Diagrama # Se
coloca el alfil por delante del peón! Creo que es una variante sospechosa y
muy arriesgada. Supongo que fue preparada por mi rival como una sorpresa en
las partidas rápidas.} 6. Nf3 Bc7 ({Es un poco mejor} 6... O-O 7. Bg5 $16) 7.
d6 $1 {Es un bloqueo total!} Ba5 8. Bg5 $1 h6 9. Bh4 Nc6 10. e3 (10. Qc2 $5 O-O
11. O-O-O $16) 10... b6 (10... Qb6 11. Rb1 (11. Bxf6 $5 Qxb2) 11... Ne4 12. Nd2
$16) 11. Bc4 (11. Bd3 $5) 11... Bb7 12. O-O Bxc3 13. bxc3 O-O 14. Re1 Re8 15.
e4 $1 $18 {Sin ningún tipo de gran esfuerzo he conseguido una posición
ganadora. La única diferencia son mis gastos de reloj! Mientras mi rival sigue
jugando casi al toque...} g5 16. Nxg5 $1 {
El juego me obliga a hacer muchos sacrificios y algunos cálculos.} ({
Era mas práctico} 16. Bg3 Na5 17. Bd3 $16) 16... hxg5 17. Bxg5 Ne5 {
Las negras acercan sus recursos defensivos.} 18. Re3 $3 {
Diagrama # Podria ser una partida inmortal!} Kg7 19. Rg3 $1 (19. Bb3 $5) 19...
Bxe4 {Es la unica defensa, aunque no suficiente.} ({Si} 19... Ng6 20. Rf3 $1
$18) 20. Bxf6+ Kxf6 21. Bd5 $1 Bg6 $2 (21... Ng6 $5 22. Bxe4 Rxe4 23. Qf3+ Ke5
24. Qxf7 $40) 22. f4 $1 Nc6 23. f5 $1 Bxf5 24. Qh5 Ke5 {El rey de mi rival
sale a escena para preguntar ''Ya podemos ir a casa?'' Pero, el destino de
esta partida llevaba a otro final...} 25. Bxc6 dxc6 26. Rf1 $6 {
Aún tenia unos minutos para acabar bien la partida.} (26. Re1+ Kxd6 27. Rd1+
Kc7 28. Rxd8 Raxd8 29. Qxf5 $18) 26... Qf6 27. d7 $2 {
Son errores inexplicables.} (27. Rg5 $18) 27... Rh8 28. Qd1 Qh4 29. Re3+ {
Veo que mis segundos corren con rapidez de la lluvia..!} Be4 30. h3 f5 31. g4
Qg5 32. Qf3 $2 $138 {Y aquí perdí por tiempo... lo cual desde punto de vista
de mi contento rival fue un resultado lógico, claro!  En breve, enseñé esta
partida a Viktor Korchnoi, ya que nos conocemos bastante bien y solemos
intercambiar las opiniones después de jugar algunas partidas. Los comentarios
del maestro fueron los siguientes: ''?Como se puede utilizar una variante tan
perdida? !Pero Usted ha jugado una partida genial! !Que lástima!''} ({Todavia} 
32. Rxf5+ $1 $18) 0-1

[Event "Tarragona"]
[Site "?"]
[Date "2006.08.??"]
[Round "?"]
[White "Perpinya Rofes, Lluis Maria"]
[Black "Kogan, Artur"]
[Result "0-1"]
[WhiteElo "2330"]
[BlackElo "2567"]
[Annotator "Kogan, A"]
[PlyCount "40"]
[Source "EDAMI"]
[SourceDate "2006.12.20"]

1. e4 c5 2. Nf3 Nc6 3. d4 cxd4 4. Nxd4 Nf6 5. Nc3 d6 {Yo raramente juego la
variante Rauzer, pero como entrenador, tengo que enseñar (!y antes conocer!)
muchas aperturas.} 6. Bc4 e6 7. Be3 Bd7 $5 8. O-O ({
Al más alto nivel se ha jugado} 8. Bb3 Be7 9. Qe2 Nxd4 10. Bxd4 Bc6 11. O-O-O
Qa5 12. f4 e5 13. Be3 O-O 14. g4 Bxe4 15. Rhg1 Rac8 16. g5 Rxc3 17. gxf6 Bxf6
18. bxc3 exf4 19. Bd4 Bxd4 20. Rxd4 Qxc3 21. Rxg7+ Kxg7 22. Rxe4 f3 {
Ivanchuk,V-Navara,D/Mallorca 2004/CBM 104 no vc/1-0}) ({RR} 8. f3 a6 9. g4 h6
10. Qd2 Ne5 11. Bd3 b5 12. O-O-O b4 13. Nce2 Qa5 14. Kb1 d5 15. Ng3 Qc7 16. h4
Nxf3 17. Nxf3 Qxg3 18. e5 Qxf3 19. exf6 Qxf6 20. g5 Qe7 21. Bd4 Bb5 22. Rhf1
Bxd3 {
Farfan Ortiz,A-Zugic,I/Buenos Aires ARG 2005/The Week in Chess 554/0-1 (48)})
8... Be7 9. f4 (9. Ndb5 Qb8 10. f4 a6) 9... O-O 10. f5 $6 $146 {
Natural pero demasiado agresiva} (10. Qf3) ({parece más natural} 10. Bb3 Qc8 (
10... Qc7 11. Ndb5 Qb8) (10... Na5 $5) 11. Kh1 a6 12. Qf3 b5 13. f5 Ne5 14. Qg3
Kh8 15. a3 Nc4 16. Bg5 Nxb2 17. Rf3 Nh5 18. Qh4 Bxg5 19. Qxg5 Nf6 20. Rg3 Rg8
21. fxe6 fxe6 22. e5 dxe5 23. Nf3 e4 24. Ne5 Be8 {
Zapata,A-Schuster,C/Buenos Aires 1998/CBM 067 ext/1-0 (31)}) 10... Na5 {
Suficientemente buena, pero} (10... Ne5 $1 {era más natural} 11. Be2 (11. Bb3 {
pero se me escapó el importante detalle} Neg4 $1 {'|^} 12. Bg5 e5 13. Bxf6 Nxf6
14. Nf3 Qb6+ 15. Kh1 Bc6 $15) 11... Rc8 {'=/+'}) 11. Be2 (11. Bb3 Nxb3 12. axb3
Qc7 $132 13. Ndb5 Bxb5 14. Nxb5 Qc6) (11. Bd3 $5) 11... Rc8 $1 ({
Una idea también típica era} 11... e5 12. Nb3 (12. Ndb5 a6 13. Nxd6 (13. Na3 b5
14. Nd5 Nxd5 15. exd5 b4 (15... Bg5 16. Qd2) 16. Nc4 Nxc4 17. Bxc4 Bg5 $11)
13... Qc7) (12. Nf3 Rc8 13. Qe1 Nc4 (13... b5) 14. Bxc4 Rxc4 15. Nd2 Rc8 16.
Bxa7 $6 d5 $1 17. Nxd5 (17. exd5 b6) 17... Nxd5 18. exd5 Qa5 19. Bf2 Qxd5 20.
c4 Qd3 21. Rd1 Bxf5 22. Qxe5 Bf6 $36) 12... Rc8 (12... Bc6 13. Qd3 d5) 13. Bxa7
(13. g4 Rxc3 14. bxc3 Nxe4 $44)) 12. fxe6 (12. Ndb5 Bxb5 13. Bxb5 a6 14. Bd3
Nc4 15. Bxc4 Rxc4 16. Qd3 Qc7 $132 17. fxe6 fxe6 {'=/+'} 18. Bd4 d5 $1) 12...
fxe6 13. Ndb5 (13. Qe1 Nc4 14. Bxc4 Rxc4 15. Qg3 Qc7 $15 (15... Qe8)) ({Si} 13.
Bg4 {lo más simple es} Nc4 $1 $17 (13... Nxg4 14. Qxg4 Nc4 $1 15. Nxe6 Bf6 16.
Nd5 Nxe3 $1 17. Nxf6+ Qxf6 $1 $17 {era otra linea que calculé}) 14. Nxe6 (14.
Bc1 Nxg4 15. Rxf8+ (15. Qxg4) 15... Bxf8 16. Qxg4 Qb6 $19) 14... Nxe3) 13...
Bxb5 14. Nxb5 (14. Bxb5 a6 15. Be2 Nc4 16. Bxc4 Rxc4 17. Qd3 Qc7 $15) 14... Nc4
$1 (14... Nc6 15. Qd3 $1 $36 Ne5 16. Qb3) ({
Más segura, pero también más pasiva era} 14... a6 15. Nd4 Qd7 {
donde las negras están, como mínimo, bien.} 16. c3 $1 (16. Bg4 Nxg4 17. Qxg4
Nc4 18. Bf4 Bf6 19. Nxe6 (19. Qxe6+ Rf7) 19... Rce8 $19) 16... Nc4 17. Bxc4
Rxc4 18. Qd3 Rc5 19. Rae1 $11 (19. Nf3 Qb5 $15)) (14... Nxe4 $2 15. Bg4 $1 Qd7
16. Nd4 $16) 15. Bxc4 Rxc4 16. Qd3 {Mi oponente parecía muy feliz con su 
posición, pero de hecho yo había visto esta posible línea antes de jugar 11...
Rc8 y tenía una fuerte idea para resolver mis problemas !y pasárselos a mi
rival!} d5 $1 $36 {!Esta es la clave! Una jugada difícil de valorar a la larga,
especialmente ya que permite cambiar su principal debilidad en e4.  Pero la
idea es que, abriendo el centro y dando vida a mi dama y el Be7, las
complicaciones que ahora empiezan serán favorables a las negras, pues a las
blancas les faltará una pieza en juego, la torre en a1.  Son pequeños, pero
muy importantes detalles, que mi oponente seguramente subestimó.} (16... Rxe4
$4 17. Rxf6 $18 Rxe3 18. Rxf8+) 17. Nd4 {!Con una oferta de tablas! increíble..
.?Tal vez ya no hay respeto por los grandes maestros en estos tiempos?. De
hecho, !esta otra razón por la que estos chicos derrotan a los GM de vez en
cuando!} (17. e5 Nd7 $17 18. Bd4 a6 19. b3 (19. Nc3 Rxd4 {'-+'}) 19... Rb4 $17
{'!'} 20. Nd6 Nxe5 $1 $17) ({Lo más natural era} 17. exd5 Qxd5 $1 {
(esta era la idea)} (17... exd5 $2 18. c3 $14) 18. b3 (18. Nc3 Qc6 $15) (18.
Qxd5 Nxd5 19. Rxf8+ Bxf8 20. Bxa7 Rb4 $15 (20... Rxc2 21. Nd4 Rxb2 22. Nxe6 b6
23. Rd1 Rxa2 24. Rxd5 Ra1+ $1 25. Kf2 Rxa7 26. Nxf8 Rf7+ $17)) (18. Nxa7 $2 Ng4
{'-/+!'} (18... Bc5 $1 $17 {
y las blancas tienen problemas insolubles en la diagonal g1-a7.} 19. Rae1 (19.
Qxd5 Bxe3+ $1 $19 {!es el detalle!}) 19... Ra8 (19... Ng4)) 19. Rxf8+ Bxf8 20.
Qxd5 (20. b3 Qe5) 20... exd5 21. b3 Re4 22. Bb6 Rb4 23. Nc8 Rxb6) (18. Qxd5)
18... Rb4 19. Nd4 (19. a4 a6 20. Nd4 Ng4) (19. Nxa7 Qxd3 20. cxd3 Ng4 21. Bd2
Bc5+ 22. Kh1 Rd4 $17) 19... Ng4 20. c3 Rb6 $36 21. Rxf8+ Bxf8 22. Re1 $1 e5 (
22... Bc5 23. Qe2) 23. Qf5 $1 h5 $1 $36 24. Qxh5 Nf6 $17) (17. Nxa7 $2 Ng4 $1
18. Bd4 Qc7 $1 {y las blancas no pueden defenderse de la doble amenaza, !pues
Rxd4 y Bc5 está también en el aire!}) 17... Qd6 $1 {
Ahora no sólo e4 está bajo ataque, pues Ng4 es también una gran amenaza.} (
17... Qc8 18. exd5 Nxd5 19. c3 (19. Rxf8+ Bxf8) 19... Bf6 20. Rad1 Rd8 21. Qe2
$11) ({También era interesante} 17... Ng4 $5 18. b3 $1 (18. Nxe6 $2 Qd6) 18...
Rc8 (18... Qd6 19. Rxf8+ Bxf8 20. bxc4 $18) 19. Kh1 $1 {
y las blancas aún parecen sobrevivir, por ejemplo} Nxe3 20. Qxe3 e5 21. Rxf8+ (
21. Nf5) 21... Bxf8 22. Ne6 $132) 18. exd5 (18. b3 Rcc8 $36 19. Bf4 $1 (19.
exd5 Ng4) 19... e5 20. Nf5 Qc7 21. Bg5 Bc5+ 22. Kh1 dxe4 23. Qe2 Qc6 24. Rad1
$44 b5) 18... Ng4 $3 {En realidad, la única jugada para probar la ventaja de
las negras, y las blancas simplemente se olvidaron de esa idea...  !Debo
añadir que es realmente un movimiento muy agradable de realizar!} (18... Qxd5
19. b3 $14) 19. Rxf8+ (19. Nf3 Rxf3 $1 20. Rxf3 Qxh2+ 21. Kf1 Qh1+ 22. Bg1 Nh2+
23. Ke2 Qxg2+ 24. Rf2 Qg4+ $19) 19... Bxf8 20. g3 $2 {
El error decisivo, pero ya !con menos de un minuto en el reloj!} (20. Nf3 Nxe3
21. Qxe3 Qxd5 {'-/+'} 22. Qe2 Re4 $1 23. Qd3 Bc5+ 24. Kh1 Qxd3 25. cxd3 Re2 26.
d4 Bd6 $17) ({Es difícil de jugar, pero la mejor posibilidad era} 20. h3 $3 {
donde no es fácil encontrar una línea forzada que gane para las negras} Qh2+ (
20... Nxe3 21. Qxe3 e5 22. Ne6 $1 Qxd5 23. Nxf8 Rxc2 24. Qg5 Qc5+ 25. Kh1 Qxf8
26. Qxe5 $11) 21. Kf1 Nxe3+ (21... Qh1+ 22. Bg1 Bc5 (22... e5 23. hxg4 Rxd4 24.
Qh3 $16) 23. hxg4 Bxd4 24. Qxc4 Qxg1+ 25. Ke2 Qf2+ 26. Kd1 Qg1+ 27. Kd2 Qe3+
28. Kd1 Qg1+ $11) 22. Qxe3 e5 $1 (22... Qh1+ 23. Kf2 Qxa1 24. Qxe6+ Kh8 25. Qe8
$1 Kg8 26. Qe6+ $11 (26. Ne6 $2 Rxc2+)) 23. Nf3 Qh1+ 24. Qg1 Qxg1+ 25. Kxg1
Rxc2 {en los análisis "post mortem" Perpiñá ni siquiera quiso analizar este
final, creyéndolo perdido, pero creo que demostrar la victoria es mucho más
difícil de lo que parece...} 26. Nxe5 {ahora la mejor posibilidad parece} Bd6
$1 (26... Rd2 27. Nf3 Rxd5 28. Re1 b5 29. Re8 Kf7 30. Ra8 Bc5+ 31. Kf1 Bb6 32.
Ke2 b4 33. Rc8) (26... Bc5+ 27. Kh1 Rd2 28. Nf3 Rxd5 29. g4 $15) (26... Rxb2
27. Rd1 Bc5+ 28. Kh1 Re2 29. Nf3 Kf7 30. Rd2 Rxd2 31. Nxd2 Ke7 32. Ne4 Bd4 33.
g4 $11) (26... Rxb2 27. Rd1 Re2 (27... Rb6 28. Nd7 Rd6 29. Nc5) 28. Nf3 Bc5+
29. Kh1 Bd6 30. Rd2 Rxd2 31. Nxd2 Kf7 32. Ne4 $11) 27. Nf3 Rxb2 28. Re1 h6 (
28... Rxa2 29. Ng5 g6 30. Re8+ Kg7 31. Ne4) 29. a4 (29. Kf1 Rxa2 30. Re6 Ra6
31. Nd4 Kf7 32. Nf5 Ra1+) 29... b5 $15) (20. Qxc4 $2 Qxh2+ 21. Kf1 Nxe3+ $19)
20... Qxd5 $19 {y justo 3 jugadas después de ofrecer tablas, las blancas
tienen que rendirse pues no hay forma de evitar la pérdida de material, con
tantas clavadas.} (20... Qxd5 21. c3 (21. Rd1 Nxe3 22. Qxe3 e5) 21... e5 $19)
0-1

[Event "NH Hotels"]
[Site "Amsterdam NED"]
[Date "2006.08.23"]
[Round "5"]
[White "Carlsen, Magnus"]
[Black "Andersson, Ulf"]
[Result "1-0"]
[WhiteElo "2675"]
[BlackElo "2542"]
[Annotator "Rahal, M"]
[PlyCount "43"]
[EventDate "2006.08.19"]
[Source "EDAMI"]
[SourceDate "2006.12.20"]

1. e4 e6 2. d4 d5 3. Nc3 dxe4 4. Nxe4 Nd7 5. Nf3 Ngf6 6. Bg5 {Esta jugada
conduce a la Variante Burn, mientras que las jugadas más populares actualmente
son 6.Bd3 y sobretodo 6.Nxf6+.} Be7 ({
La alternativa principal para las negras es atacar el alfil con} 6... h6 7.
Nxf6+ Nxf6 {y ahora tanto 8.Bh4 como 8.Be3 son bastante populares.}) 7. Nxf6+
Nxf6 {Esta opción es sólida pero bastante pasiva, aunque el veterano Andersson
la conoce bien, !ya que lo jugó nada menos que tres veces en el torneo!} ({
La variante crítica surge tras} 7... Bxf6 8. h4 $1 {
intentando provocar la debilitadora ...h6 antes de cambiar los alfiles.}) 8.
Bd3 c5 9. dxc5 ({En la novena ronda Wang Hao probó sin éxito} 9. Qe2 cxd4 10.
O-O-O Bd7 11. Ne5 Bc6 12. h4 Nd7 13. Bxe7 Qxe7 14. Nxc6 bxc6 15. Qe4 Qc5 16.
Be2 e5 17. f4 O-O-O 18. Bg4 Kc7 19. Bxd7 Rxd7 20. fxe5 Re8 21. Rhe1 Qd5 22. Rd3
{1/2-1/2 Wang Hao-Andersson,U/Amsterdam NED 2006}) 9... Qa5+ 10. c3 Qxc5 11.
O-O ({Otra idea relacionado con el enroque largo fue utilizada por Smeets en
la séptima ronda.} 11. Qe2 Bd7 12. Ne5 Bc6 13. O-O-O Nd7 14. Bxe7 Qxe5 $6 (
14... Qxe7 15. Nxc6 bxc6 16. Be4 $14) 15. Ba3 O-O-O 16. f3 Qxe2 17. Bxe2 {
y las el blanco hizo una buena demostración de técnica con la pareja dealfiles.
} Nf6 18. c4 a6 19. b3 Rxd1+ 20. Rxd1 Rd8 21. Re1 $1 Nd7 22. Kc2 f6 23. Be7 Re8
24. Bd6 Nf8 25. Bd3 Kd7 26. c5 Ng6 27. Kc3 Nh4 28. Rd1 Kc8 29. Rd2 Nf5 30. Be4
Rd8 31. Kb4 h5 32. Ka5 Bxe4 33. fxe4 Ne7 34. Kb6 Nc6 35. Rb2 e5 36. b4 g6 37.
Rf2 f5 38. exf5 gxf5 39. Rxf5 e4 40. Rf7 Rd7 41. Rxd7 Kxd7 42. Kxb7 Nxb4 43.
Bf4 a5 44. a4 Nc6 45. h3 {1-0 Smeets,J-Andersson,U/Amsterdam NED 2006}) 11...
Bd7 12. Re1 $5 $146 {#Novedad de Carlsen según mi base de datos. A primera
vista parece arriesgada a causa de 12...Ng4 con doble ataque al alfil de g5 y
al peón de f2 pero la estrella noruega lo tiene todo controlado.} Ng4 $2 ({
Sin duda mejor es} 12... Bc6 13. Ne5 O-O 14. Qc2 h6 15. Nxc6 Qxc6 16. Bxf6 Bxf6
17. Bh7+ Kh8 18. Be4 {y las blancas tienen una micrscópica ventaja, que un
jugador experimentado como Ulf Andersson no pierde seguro. Habrá que esperar a
otra partida para ver qué tiene en mente Carlsen en esta posición.}) 13. Bxe7
$1 Qxf2+ 14. Kh1 Kxe7 {Si la dama se retira para dar un jaque en f2 con el
caballo sigue 15.Bh4 ganando.} 15. Re2 Qc5 {Esta es la idea clave que quizás
se le escapó a Andersson al analizar 12...Ng4. La dama se dirige a g3 o h4 y
la mala posición del rey en el centro se empieza a notar.} 16. Qe1 $1 Rad8 $6 (
{Algo mejor era} 16... Nf6 17. Qh4 Kf8 18. Rf1 Qc7 19. Ne5 {
y la presión de las piezas blancas compensa ampliamente el peón sacrificado.})
17. Qh4+ Nf6 18. Nd4 (18. Ne5 {también era fuerte, transponiendo a posiciones
similares a la variante anterior.}) 18... Bc6 ({Si las negras intentan hacer
el enroque artificial sigue un sacrificio clásico sobre el enroque.} 18... Rhe8
19. Nf5+ Kf8 20. Nxg7 $1 Kxg7 21. Rf1 Nh5 22. Qg4+ Kf8 23. b4 Qxc3 24. Qxh5 $16
) 19. Rf1 {#Amenazando Nf5+ y Nxg7.} Rhg8 20. Qg3 Kd7 $6 {El rey negro busca
refugio en el flanco de dama, pero esta jugada permite a las blancas recuperar
su material entregado manteniendo la ventaja posicional. Mejor era 20...Bd5.}
21. Bxh7 Rh8 (21... Nxh7 $2 22. Rxf7+ Ke8 23. Qg6 $18) 22. Bg6 $1 {Andersson,
uy corto de tiempo, gastó los 10 minutos que le quedaban y decidió abandonar.
Quizás algo prematuro, aunque tras 22...fxg6 23.Nxe6 Qb6 24.Nxd8 Rxd8 25.Qxg6
seguido de 26.Qxg7 la ventaja de las blancas parece clara.} 1-0